Quizzes
Events
Quiz Creation
Community
Videos
Private Events
Remove Ads
Sign In
Join for FREE
Feedback
Dark Mode
Quiz Categories
Sports
Geography
Music
Movies
Television
Just For Fun
Miscellaneous
History
Literature
Language
Science
Gaming
Entertainment
Religion
Holiday
For Kids
Quiz Lab
Recent
Popular Today
Quiz Kudos Today
Editor Picks
Curator Picks
Quizzes by...
Day
Popularity
Type
Ratings
Length
Year
Community
Subscriptions
Recent Discussions
Orange Saloon
Badges
Playlists
Quests
Create
Leaderboards
Showdown
Live 5
Trivia Bingo
Activity
Puzzle Library
Sporcle Events
Private Events
Virtual Trivia
Globe League
Become a Host
Pub Owners
SporcleCon
Opinionation
Our Games
Videos
Blog
Mobile Apps
Partnerships
Remove Ads and Go Orange
Feedback
Movies
Disney
Marvel Cinematic Universe
Movie Resume
Movie Titles
Oscar
Actor
Actress
Director
Pixar
Role
Movie Quotes
Movie Characters
Box Office
Nominee
Best Picture
Star Wars
James Bond
Horror Movies
Movies
Disney
Marvel Cinematic Universe
Movie Resume
Movie Titles
Oscar
Actor
Actress
Director
Pixar
Role
Movie Quotes
Movie Characters
Box Office
Nominee
Best Picture
Star Wars
James Bond
Horror Movies
Random Quiz
Search Sporcle
×
Quiz Lab
Quiz Lab
Movies
Box Office
Type in answers that appear in a list
Type in answers that appear in a list
Classic
Best Score? Go Orange.
$900 million movies Stats
Can you name the movies that fell just short of $1 billion worldwide?
By
Hejman
4m
14 Questions
225 Plays
225 Plays
225 Plays
Comments
Comments
Give Quiz Kudos
Give Quiz Kudos
-
- Ratings
hide this ad
Replay
Link that replays current quiz
Next Quiz
Link to next quiz in quiz playlist
You Got
0%
They Got
Avg Score
38%
Avg Friend Score
Upgrade to see
Score Distribution
Jump to the score distribution portion of the page
Score
0/14
Timer
04:00
0
Plays Today
Year
Movie
% Correct
1994
The Lion King
59.4%
2001
Harry Potter and the Sorcerer's Stone
51.8%
2007
Harry Potter and the Order of the Phoenix
47.8%
2004
Shrek 2
47.3%
2002
The Lord of the Rings: The Two Towers
46.9%
2009
Harry Potter and the Half-Blood Prince
45.1%
2010
Harry Potter and the Deathly Hallows: Part I
44.6%
Year
Movie
% Correct
2007
Pirates of the Caribbean: At World's End
37.5%
2003
Finding Nemo
35.7%
2013
Despicable Me 2
29%
2013
The Hobbit: The Desolation of Smaug
26.3%
2014
The Hobbit: The Battle of the Five Armies
26.3%
2016
The Jungle Book
24.6%
2017
Jumanji: Welcome to the Jungle
17.7%
Quiz Playlist
Details
Report
Send in Message
Add To Playlist
Classic:
Type in answers that appear in a list
Quiz Source
Last Updated: Jul 19, 2018
Quiz Scoreboard
CHALLENGE
Sign Up to Join the Scoreboard
Show All
Scores
Hide
Comments
May contain spoilers
Recently Published
College Basketball Coaching Resumes
by pancakes188
Sports
9m
Billboard Blitz: Fleetwood Mac
by CooCooCachoo
Music
15s
Presidents Visiting Landmarks
by Hejman
History
7m
More to Explore
Quiz From the Vault
Featured Blog Post
Where Did the Easter Bunny Come From?
hide this ad
You Might Also Like...
Tags
Box Office Quiz
Movie Titles Quiz
million
Million Dollar
Today's Top Quizzes in Movies
Browse Movies
hide this ad
Today's Top Quizzes in Box Office
Browse Box Office
Top Contributed Quizzes in Movies
1
Pick 5 Posters: Directed by Spielberg
2
7-to-1: Pixar Characters
3
Pick 5 Posters: Lowest-Rated Spielberg
4
Pick 5 Posters: Directed by Scorsese
5
Sorting Actors
6
Sorting Actresses
7
Pick 5 Posters: Star & Director
8
Pick 5 Posters: Women Directed 2020s
9
12 Movies about Fictional 1960s Events
10
Multi-Oscar Nominations, One Movie, One Winner
Explore More
Trending Topics
Harry Potter
Crossword
NBA
Kpop
Marvel
Anime
Disney
Country
Pokémon
WWE
Song
NFL
Puzzle
The Office
Soccer
hide this ad
More By:
Hejman
Quiz
Plays
Rating
Category
Featured
Created
College Sports Logos
565,592
4.30
Sports
Jan 2, 2010
Bible or Quran?
556,637
4.35
Religion
Sep 13, 2011
Un-evolved Logos
492,330
4.29
Miscellaneous
Oct 25, 2010
Harry Potter Family Tree
491,427
3.83
Literature
May 16, 2011
History by Bobblehead
446,067
4.00
History
Apr 23, 2010
Go to Creator's Profile
Score Distribution
Quiz Creator Spotlight
Hejman
Follow
Send a Message
Quizzes Created
-
Created Quiz Play Count
-
More By This Creator
Popular Quizzes Today
1
Find the US States - No Outlines Minefield
2
Find the Countries of Europe - No Outlines Minefield
3
The Countries of the World
4
Find the US States
5
Risky Map Clicking: Biggest States A-Z
6
US States
7
Popular People in 1961
8
Movies - When Are They Set?
More Movies Quizzes
Horror Movie by Super Gross Face!
Quiz Lab
Trending Quizzes
Risky Map Clicking: Least Populous States A-Z
1-10 Letter G Words
1-10 Letter F Words
Risky Map Clicking: Next State Alphabetically
Click the Washington State Counties! (Map)
Recently Updated
Leaping Animals
pecheneg
Reality TV Shows (A-Z)
bhenderson79
Rickey Henderson's Hall of Fame Teammates
pecheneg
Champions League XIs: Arsenal
pecheneg
Quick Pick: Celebrities in WWE's Hall of Fame
aduchscher
A-Z Keypad Blitz II
pecheneg
Multiple Oscar Actors
pecheneg
Mystery Phrase Blitz: Oscar 'Best Actors'
pecheneg
F. Scott Fitzgerald Novels
LTH
Pick 3 Villains
ddd62291
Trending Topics
NBA
Crossword
Harry Potter
Anime
Kpop
Marvel
Disney
Song
The Office
NFL
Country
Soccer
WWE
Pokémon
Puzzle
Your Account Isn't Verified!
In order to create a playlist on Sporcle, you need to verify the email address you used during registration. Go to your
Sporcle Settings
to finish the process.
Report this User
Report this user for behavior that violates our
Community Guidelines
.
Details:
Send Report
Go to the Sporcle.com Mobile Site →
Comments